[Event "LTU-chT2 1011"]
[Site "Lithuania"]
[Date "2010.11.07"]
[Round "1.43"]
[White "Zemlickas, Arunas"]
[Black "Valantiejus, Vaidotas"]
[Result "1-0"]
[WhiteElo "1922"]
[BlackElo "1982"]
[PlyCount "139"]
[EventDate "2010.11.06"]
[EventType "team-tourn"]
[EventRounds "9"]
[EventCountry "LTU"]
[SourceTitle "EXT 2012"]
[Source "ChessBase"]
[SourceDate "2011.11.24"]
[SourceVersion "1"]
[SourceVersionDate "2011.11.24"]
[SourceQuality "1"]

1. e4 c5 2. Bc4 e6 3. c3 d5 4. Bb5+ Bd7 5. Bxd7+ Nxd7 6. exd5 exd5 7. d4 Ngf6 8. Nf3 Be7 9. Bf4 0-0 10. 0-0 Re8 11. Ne5 Nb6 12. Nd2 cxd4 13. cxd4 Bd6 14. Ndf3 h6 15. Qd2 Ne4 16. Qd3 Qf6 17. Bg3 Qe6 18. Nd2 Nxg3 19. fxg3 Bxe5 20. dxe5 Qxe5 21. Rfe1 Qc7 22. Nf3 Rac8 23. Qf5 Rxe1+ 24. Rxe1 Rd8 25. Rf1 Re8 26. g4 Qd7 27. Qh5 Qe7 28. g5 Qe3+ 29. Kh1 Qe2 30. Kg1 hxg5 31. Re1 Qb5 32. Rf1 g6 33. Qh6 Qxb2 34. Nxg5 Qg7 35. Qxg7+ Kxg7 36. Rxf7+ Kh6 37. h4 Kh5 38. Nf3 Re2 39. a3 Ra2 40. Kh2 g5 41. hxg5 Kg6 42. Rf6+ Kg7 43. Ne5 Nc4 44. Rg6+ Kh7 45. Rh6+ Kg7 46. Rg6+ Kf8 47. Rf6+ Ke7 48. Ng4 Nd6 49. g6 Ne8 50. Rf7+ Ke6 51. Rxb7 Rxa3 52. g7 Nxg7 53. Rxg7 d4 54. Nf2 Ra2 55. Kg3 a5 56. Kf3 a4 57. Nd3 a3 58. Ra7 Ra1 59. Ra5 a2 60. Kg4 Kf6 61. Nf4 d3 62. Ra6+ Kf7 63. Nxd3 Kg7 64. Nf4 Kf7 65. Kf5 Ke7 66. g4 Kf7 67. g5 Ke7 68. g6 Kf8 69. Kf6 Ke8 70. g7 1-0

[Event "LTU-ch"]
[Site "Nemencine"]
[Date "2010.04.30"]
[Round "9"]
[White "Zemlickas, Arunas"]
[Black "Zebelis, Rimantas"]
[Result "1-0"]
[WhiteElo "1932"]
[BlackElo "1926"]
[PlyCount "61"]
[EventDate "2010.04.25"]
[EventType "swiss"]
[EventRounds "9"]
[EventCountry "LTU"]
[SourceTitle "CBM 136 Extra"]
[Source "ChessBase"]
[SourceDate "2010.07.02"]
[SourceVersion "2"]
[SourceVersionDate "2010.07.15"]
[SourceQuality "1"]

1. e4 c5 2. Nf3 d6 3. c3 Nf6 4. d3 Nc6 5. Be2 g6 6. Bg5 Bg7 7. Bxf6 Bxf6 8. Nbd2 Qb6 9. Nc4 Qc7 10. d4 b5 11. Ne3 Qa5 12. 0-0 0-0 13. d5 Nb8 14. a4 b4 15. Nc4 Qc7 16. cxb4 cxb4 17. Qd2 a5 18. Rac1 Qa7 19. e5 dxe5 20. Ncxe5 Ba6 21. Bxa6 Nxa6 22. Nc6 Qb6 23. Rfe1 Rfe8 24. Nfe5 Bxe5 25. Rxe5 Kg7 26. Rxe7 Rxe7 27. Nxe7 Rd8 28. Rc6 Qa7 29. Qg5 Re8 30. Qf6+ Kf8 31. d6 1-0

[Event "LTU-ch"]
[Site "Nemencine"]
[Date "2010.04.28"]
[Round "6"]
[White "Zemlickas, Arunas"]
[Black "Prigodin, Ruslan"]
[Result "0-1"]
[WhiteElo "1932"]
[BlackElo "1829"]
[PlyCount "72"]
[EventDate "2010.04.25"]
[EventType "swiss"]
[EventRounds "9"]
[EventCountry "LTU"]
[SourceTitle "CBM 136 Extra"]
[Source "ChessBase"]
[SourceDate "2010.07.02"]
[SourceVersion "2"]
[SourceVersionDate "2010.07.15"]
[SourceQuality "1"]

1. d4 Nf6 2. c4 g6 3. Nc3 Bg7 4. e4 d6 5. Be2 0-0 6. f4 c5 7. d5 e6 8. Nf3 exd5 9. cxd5 Bg4 10. h3 Bxf3 11. Bxf3 Nbd7 12. 0-0 a6 13. g4 Ne8 14. Kg2 b5 15. h4 b4 16. Ne2 f5 17. exf5 gxf5 18. g5 Nb6 19. h5 Nc7 20. h6 Bh8 21. Ng3 Nb5 22. Bh5 Nd4 23. Be3 Nc4 24. Bxd4 Bxd4 25. Rf3 Ne3+ 26. Rxe3 Bxe3 27. Qe2 Bxf4 28. Qe6+ Kh8 29. g6 hxg6 30. Bxg6 Qg5 31. Bf7 Qxg3+ 32. Kf1 Qf3+ 33. Kg1 Qe3+ 34. Kg2 Qxe6 35. dxe6 Ra7 36. Kf3 Be5 0-1

[Event "LTU-ch"]
[Site "Nemencine"]
[Date "2010.04.27"]
[Round "5"]
[White "Kontrimas, Andrius"]
[Black "Zemlickas, Arunas"]
[Result "1/2-1/2"]
[WhiteElo "1843"]
[BlackElo "1932"]
[PlyCount "94"]
[EventDate "2010.04.25"]
[EventType "swiss"]
[EventRounds "9"]
[EventCountry "LTU"]
[SourceTitle "CBM 136 Extra"]
[Source "ChessBase"]
[SourceDate "2010.07.02"]
[SourceVersion "2"]
[SourceVersionDate "2010.07.15"]
[SourceQuality "1"]

1. e4 c5 2. Nf3 Nc6 3. d4 cxd4 4. Nxd4 e5 5. Nb5 a6 6. Nd6+ Bxd6 7. Qxd6 Qf6 8. Qd1 Qg6 9. Nc3 Nf6 10. f3 0-0 11. Be3 b5 12. Qd2 Bb7 13. g4 d5 14. exd5 Nb4 15. 0-0-0 Nfxd5 16. Bc5 Rfc8 17. Bxb4 Nxb4 18. a3 Bxf3 19. Bg2 Bxg2 20. Qxg2 Nc6 21. Nd5 Qh6+ 22. g5 Qe6 23. Nb6 Qa2 24. Nxa8 Nd4 25. Rxd4 exd4 26. Nb6 Rd8 27. Qe4 Qa1+ 28. Kd2 Qxb2 29. Qd3 Rd6 30. Re1 g6 31. Nc8 Rd8 32. Ne7+ Kf8 33. Qb3 Qc3+ 34. Qxc3 dxc3+ 35. Kxc3 Re8 36. Nxg6+ hxg6 37. Rxe8+ Kxe8 38. Kd4 Ke7 39. Ke5 Kd7 40. Kd5 Ke7 41. Ke5 Kd7 42. Kf6 Ke8 43. Ke5 Kd7 44. Kd5 Ke7 45. Kc5 Ke6 46. Kb6 Kd5 47. Kxa6 Kc5 1/2-1/2

[Event "LTU-ch"]
[Site "Nemencine"]
[Date "2010.04.26"]
[Round "3"]
[White "Butnorius, Algimantas"]
[Black "Zemlickas, Arunas"]
[Result "1-0"]
[WhiteElo "2437"]
[BlackElo "1932"]
[PlyCount "89"]
[EventDate "2010.04.25"]
[EventType "swiss"]
[EventRounds "9"]
[EventCountry "LTU"]
[SourceTitle "CBM 136 Extra"]
[Source "ChessBase"]
[SourceDate "2010.07.02"]
[SourceVersion "2"]
[SourceVersionDate "2010.07.15"]
[SourceQuality "1"]

1. d4 d5 2. c4 e6 3. Nf3 c5 4. cxd5 exd5 5. g3 Nc6 6. Bg2 Nf6 7. 0-0 Be7 8. Nc3 Be6 9. Bg5 c4 10. Ne5 0-0 11. e3 h6 12. Bxf6 Bxf6 13. f4 Bxe5 14. fxe5 a6 15. b3 b5 16. bxc4 bxc4 17. Qa4 Bd7 18. Qa3 Be6 19. Rab1 a5 20. Qd6 Nb4 21. Qxd8 Raxd8 22. Rb2 Rb8 23. e4 dxe4 24. Bxe4 Rfd8 25. d5 Bg4 26. Rf4 h5 27. d6 Nd3 28. Rxb8 Rxb8 29. Bxd3 cxd3 30. Rd4 Bf5 31. Kf2 Rc8 32. Nd5 Rc2+ 33. Ke3 Re2+ 34. Kf4 Rf2+ 35. Kg5 Bd7 36. Nb6 Rf5+ 37. Kh4 Be6 38. d7 Bxd7 39. Nxd7 Rf2 40. Kxh5 Rxh2+ 41. Kg5 Rxa2 42. Rxd3 Rb2 43. Rc3 Rd2 44. Rc8+ Kh7 45. Nf8+ 1-0

[Event "LTU-chT2"]
[Site "Lithuania"]
[Date "2010.04.11"]
[Round "9.32"]
[White "Zemlickas, Arunas"]
[Black "Dubinskas, Konstantinas"]
[Result "1-0"]
[WhiteElo "1932"]
[BlackElo "2101"]
[PlyCount "63"]
[EventDate "2009.11.07"]
[EventType "team-tourn"]
[EventRounds "9"]
[EventCountry "LTU"]
[SourceTitle "EXT 2022"]
[Source "ChessBase"]
[SourceDate "2021.10.06"]
[SourceVersion "1"]
[SourceVersionDate "2021.10.06"]
[SourceQuality "1"]

1. d4 Nf6 2. c4 e6 3. Nc3 Bb4 4. Nf3 c5 5. a3 Bxc3+ 6. bxc3 0-0 7. Qc2 d6 8. Bg5 Nc6 9. e3 Re8 10. Bd3 h6 11. Bh4 e5 12. d5 Nb8 13. Nd2 Qe7 14. Ne4 Nbd7 15. 0-0 g5 16. Bg3 Nxe4 17. Bxe4 Nf6 18. Bf5 Nh5 19. Bxc8 Raxc8 20. Qf5 Qf6 21. Qg4 Ng7 22. f4 exf4 23. exf4 Qf5 24. Qxf5 Nxf5 25. fxg5 Nxg3 26. hxg3 hxg5 27. Rf6 Rcd8 28. Raf1 Rd7 29. R6f5 Re4 30. Rxg5+ Kh7 31. Kf2 Rde7 32. Rh1+ 1-0

[Event "Gniezno-ch Final-A"]
[Site "Gniezno"]
[Date "2008.11.10"]
[Round "8"]
[White "Sobczak, Miroslaw"]
[Black "Zemlickas, Arunas"]
[Result "1-0"]
[WhiteElo "2035"]
[BlackElo "1986"]
[PlyCount "61"]
[EventDate "2008.11.07"]
[EventType "swiss"]
[EventRounds "9"]
[EventCountry "POL"]
[SourceTitle "EXT 2023"]
[Source "ChessBase"]
[SourceDate "2022.10.05"]
[SourceVersion "1"]
[SourceVersionDate "2022.10.05"]
[SourceQuality "1"]

1. e4 c5 2. Nf3 Nc6 3. d4 cxd4 4. Nxd4 e5 5. Nb5 d6 6. N1c3 a6 7. Na3 b5 8. Nd5 Nf6 9. Bg5 Be7 10. Bxf6 gxf6 11. c3 f5 12. Bd3 f4 13. g3 fxg3 14. hxg3 Be6 15. Nc2 Qa5 16. a4 bxa4 17. b4 Qd8 18. Nce3 Bd7 19. Rxa4 Bg5 20. f4 exf4 21. gxf4 Bh4+ 22. Kd2 h5 23. Rxa6 Rxa6 24. Bxa6 Be6 25. Bb5 Kd7 26. Qa4 Bxd5 27. Nxd5 Rg8 28. Bxc6+ Ke6 29. Bd7+ Qxd7 30. Qxd7+ Kxd7 31. Rxh4 1-0

[Event "Gniezno-ch Final-A"]
[Site "Gniezno"]
[Date "2008.11.09"]
[Round "7"]
[White "Zemlickas, Arunas"]
[Black "Hemmerling, Jaroslaw"]
[Result "1/2-1/2"]
[WhiteElo "1986"]
[BlackElo "1928"]
[PlyCount "33"]
[EventDate "2008.11.07"]
[EventType "swiss"]
[EventRounds "9"]
[EventCountry "POL"]
[SourceTitle "EXT 2023"]
[Source "ChessBase"]
[SourceDate "2022.10.05"]
[SourceVersion "1"]
[SourceVersionDate "2022.10.05"]
[SourceQuality "1"]

1. d4 Nf6 2. c4 c5 3. d5 e6 4. Bg5 exd5 5. cxd5 d6 6. Nc3 Be7 7. e3 Nxd5 8. Bb5+ Kf8 9. Qxd5 Bxg5 10. Nf3 Be7 11. Bc4 Be6 12. Qxb7 Nd7 13. Bxe6 fxe6 14. Qe4 Kf7 15. h4 d5 16. Qf4+ Bf6 17. Qd6 1/2-1/2

[Event "Panevezys op-A"]
[Site "Panevezys"]
[Date "2008.08.12"]
[Round "1"]
[White "Narva, Triin"]
[Black "Zemlickas, Arunas"]
[Result "1-0"]
[WhiteElo "1835"]
[BlackElo "2095"]
[PlyCount "81"]
[EventDate "2008.08.12"]
[EventType "swiss"]
[EventRounds "9"]
[EventCountry "LTU"]
[SourceTitle "CBM 125 Extra"]
[Source "ChessBase"]
[SourceDate "2008.09.01"]
[SourceVersion "1"]
[SourceVersionDate "2008.09.01"]
[SourceQuality "1"]

1. e4 c5 2. Nf3 Nc6 3. Bb5 a6 4. Bxc6 bxc6 5. 0-0 g6 6. c3 d5 7. Qa4 Qd7 8. Ne5 Qc7 9. d4 cxd4 10. cxd4 Bg7 11. Bf4 Qb7 12. Nd2 Bxe5 13. Bxe5 f6 14. Bf4 g5 15. Be3 Nh6 16. e5 Ng4 17. exf6 exf6 18. Rae1 0-0 19. Qc2 Qc7 20. Nf3 c5 21. h3 Nh6 22. Rc1 c4 23. Rfe1 Bf5 24. Qc3 Be4 25. Nd2 Bg6 26. b3 Bf7 27. bxc4 dxc4 28. Rc2 Nf5 29. Nxc4 Rac8 30. Rec1 Nxe3 31. Nxe3 Qxc3 32. Rxc3 Rcd8 33. Rc6 Rxd4 34. Rxa6 Bg6 35. Ng4 Rf4 36. a4 h5 37. Ne3 Be4 38. a5 Bd3 39. Rd6 Bg6 40. Nd5 Kg7 41. Nxf4 1-0